[Event "17. Open de Gros 2007"]
[Site "San Sebastián ESP"]
[Date "2007.09.27"]
[Round "7.2"]
[White "Rizouk, Aimen"]
[Black "Kovalyov, Anton"]
[Result "1/2-1/2"]
[WhiteElo "2470"]
[BlackElo "2510"]
[PlyCount "175"]
[EventDate "2007.09.21"]
[EventType "swiss"]
[EventRounds "9"]
[EventCountry "ESP"]
[Source "lmi"]
[SourceDate "2007.09.21"]

1. e4 c5 2. Nf3 d6 3. d4 cxd4 4. Nxd4 Nf6 5. Nc3 a6 6. Be3 e5 7. Nf3 Be7 8. Bc4
O-O 9. O-O Nc6 10. Re1 b5 11. Bf1 Rb8 12. Bg5 Ng4 13. Bxe7 Nxe7 14. Nd5 Nxd5
15. Qxd5 Bb7 16. Qd2 Nf6 17. Bd3 Re8 18. Qe2 d5 19. Nd2 dxe4 20. Bxe4 Nxe4 21.
Nxe4 Qc7 22. b4 Bxe4 23. Qxe4 Rbc8 24. a4 g6 25. axb5 axb5 26. Qd5 Qxc2 27.
Qxb5 e4 28. Qe2 Qxe2 29. Rxe2 Re5 30. Rb2 Rb5 31. Kf1 Rc4 32. Rab1 f5 33. g3
Kf7 34. Ra1 Rcxb4 35. Ra7+ Kg8 36. Rxb4 Rxb4 37. Ke2 Rb3 38. h4 Rf3 39. Re7 h6
40. Ra7 h5 41. Rb7 Kf8 42. Ra7 Rd3 43. Rb7 Ra3 44. Rb4 Kg7 45. Rb7+ Kh6 46. Rf7
Rf3 47. Re7 Rb3 48. Rf7 Rb6 49. Ke3 Rd6 50. Ke2 Rd8 51. Ke3 Ra8 52. Re7 Rc8 53.
Rf7 Rc6 54. Ke2 Rc8 55. Ke3 Rc2 56. Re7 Ra2 57. Rf7 Ra8 58. Re7 Rd8 59. Rf7 Rg8
60. f3 Re8 61. fxe4 Rxe4+ 62. Kf3 Rg4 63. Kf2 Ra4 64. Kf3 Ra3+ 65. Kf2 Rb3 66.
Kg2 Rb2+ 67. Kf3 Rc2 68. Ke3 Rc8 69. Kf3 Rg8 70. Kf4 Rg7 71. Rf6 Re7 72. Ra6
Re4+ 73. Kf3 Rg4 74. Rb6 Rc4 75. Rb7 Rc3+ 76. Kf4 Rc1 77. Kf3 Rc8 78. Ra7 Rg8
79. Rb7 Rg7 80. Rb6 Re7 81. Ra6 Kg7 82. Rb6 Kf7 83. Ra6 Re6 84. Ra7+ Kf6 85.
Ra8 Rc6 86. Ra7 Rc3+ 87. Kf4 Rc4+ 88. Kf3 1/2-1/2

[Event "17. Open de Gros 2007"]
[Site "San Sebastián ESP"]
[Date "2007.09.27"]
[Round "7.3"]
[White "Andres Gonzalez, Alberto"]
[Black "Khamrakulov, Dzhurabek"]
[Result "0-1"]
[WhiteElo "2435"]
[BlackElo "2322"]
[PlyCount "51"]
[EventDate "2007.09.21"]
[EventType "swiss"]
[EventRounds "9"]
[EventCountry "ESP"]
[Source "lmi"]
[SourceDate "2007.09.21"]

1. d4 d5 2. c4 e6 3. Nf3 Nf6 4. g3 c5 5. cxd5 exd5 6. Bg2 Be7 7. O-O O-O 8. Nc3
Nc6 9. Bg5 Be6 10. Rc1 b6 11. Qa4 Rc8 12. Rfd1 h6 13. Bxf6 Bxf6 14. dxc5 bxc5
15. e4 d4 16. Nd5 Be7 17. a3 a5 18. Nxe7+ Qxe7 19. Qb5 Bg4 20. h3 Bxf3 21. Bxf3
Ne5 22. Bg2 c4 23. Qxa5 Rb8 24. Rc2 d3 25. Rcd2 Rfc8 26. Rc1 0-1

[Event "17. Open de Gros 2007"]
[Site "San Sebastián ESP"]
[Date "2007.09.27"]
[Round "7.4"]
[White "Argandona Rivero, Inigo"]
[Black "Rodriguez Gonzalez, Javier"]
[Result "1/2-1/2"]
[WhiteElo "2390"]
[BlackElo "2261"]
[PlyCount "135"]
[EventDate "2007.09.21"]
[EventType "swiss"]
[EventRounds "9"]
[EventCountry "ESP"]
[Source "lmi"]
[SourceDate "2007.09.21"]

1. d4 d5 2. c4 e6 3. Nc3 Nf6 4. cxd5 exd5 5. Bg5 Be7 6. e3 O-O 7. Qc2 Re8 8.
Bd3 Nbd7 9. Nf3 c6 10. O-O Nf8 11. h3 Be6 12. Rab1 N6d7 13. Bxe7 Qxe7 14. b4 a6
15. a4 Rac8 16. a5 Ng6 17. Na4 Ndf8 18. Nc5 Rc7 19. Nxe6 Nxe6 20. Rfc1 Qf6 21.
Rb3 Rce7 22. Qd1 Ng5 23. Nxg5 Qxg5 24. Qg4 Qxg4 25. hxg4 Nf8 26. Rcc3 Ne6 27.
f3 Nc7 28. Bf1 f6 29. Kf2 Kf7 30. Rc1 Rd8 31. Bd3 g6 32. Rh1 Kg7 33. Rh3 Ne6
34. f4 Nf8 35. Be2 Rde8 36. Bf3 Rd8 37. Rg3 Ne6 38. Rb1 Rde8 39. Rh1 Nf8 40.
Be2 Ne6 41. Bd3 Nf8 42. Rhh3 Ne6 43. Kf3 Rf7 44. Rh1 Rfe7 45. Kf2 Rf7 46. Rgh3
Nf8 47. Ke2 Rfe7 48. Kd2 Rf7 49. Rc1 Rd7 50. Rg3 Rde7 51. Rc3 Ne6 52. Bc2 Rd7
53. Bf5 Rde7 54. Bxe6 Rxe6 55. g5 f5 56. Rh3 Re4 57. g4 fxg4 58. Rg3 Rf8 59.
Rxg4 Re7 60. Rh4 Rff7 61. Kd3 Kf8 62. Rc5 Rf5 63. Rc1 Rff7 64. Rf1 Ke8 65. Rh3
Kd7 66. Rhf3 Rf5 67. Re1 Re4 68. Rh1 1/2-1/2

[Event "17. Open de Gros 2007"]
[Site "San Sebastián ESP"]
[Date "2007.09.27"]
[Round "7.5"]
[White "Salcedo, Marc"]
[Black "Mirzoev, Azer"]
[Result "0-1"]
[WhiteElo "2008"]
[BlackElo "2551"]
[PlyCount "38"]
[EventDate "2007.09.21"]
[EventType "swiss"]
[EventRounds "9"]
[EventCountry "ESP"]
[Source "lmi"]
[SourceDate "2007.09.21"]

1. e4 c5 2. c3 Nf6 3. e5 Nd5 4. d4 cxd4 5. Nf3 Nc6 6. Bc4 Nb6 7. Bb3 g6 8. Ng5
d5 9. exd6 e6 10. Qf3 Ne5 11. Qe2 Bg7 12. cxd4 Nc6 13. d5 Nd4 14. Qe3 e5 15.
Nc3 O-O 16. O-O Qxd6 17. Nge4 Qd8 18. Rd1 a5 19. Nd2 a4 0-1

[Event "17. Open de Gros 2007"]
[Site "San Sebastián ESP"]
[Date "2007.09.27"]
[Round "7.6"]
[White "Lakunza, Juan Carlos"]
[Black "Zulaika Centeno, Ander"]
[Result "0-1"]
[WhiteElo "2128"]
[BlackElo "2075"]
[PlyCount "64"]
[EventDate "2007.09.21"]
[EventType "swiss"]
[EventRounds "9"]
[EventCountry "ESP"]
[Source "lmi"]
[SourceDate "2007.09.21"]

1. d4 d5 2. c4 c6 3. Nf3 Nf6 4. Nc3 e6 5. e3 Nbd7 6. Bd3 dxc4 7. Bxc4 b5 8. Bd3
Bb7 9. O-O a6 10. Qe2 c5 11. b3 Be7 12. Bb2 O-O 13. Rac1 Qb6 14. Rfd1 Rfd8 15.
Bb1 Rac8 16. dxc5 Nxc5 17. Ne5 b4 18. Rxd8+ Rxd8 19. Nd1 Nce4 20. Nc4 Qb5 21.
f3 Nd2 22. Bd3 Nxc4 23. Rxc4 Qa5 24. Qc2 h6 25. Nf2 Nd5 26. Nd1 Bd6 27. Rg4 Bf8
28. Ba1 Qc7 29. Qb2 Nc3 30. Bc2 Qe5 31. Nxc3 Qxe3+ 32. Kf1 Rd2 0-1

[Event "17. Open de Gros 2007"]
[Site "San Sebastián ESP"]
[Date "2007.09.27"]
[Round "7.7"]
[White "Tung, Kai Ming"]
[Black "Darrigues, Alain"]
[Result "1-0"]
[WhiteElo "2083"]
[BlackElo "1991"]
[PlyCount "81"]
[EventDate "2007.09.21"]
[EventType "swiss"]
[EventRounds "9"]
[EventCountry "ESP"]
[Source "lmi"]
[SourceDate "2007.09.21"]

1. e4 c5 2. Nf3 Nc6 3. c4 e6 4. Nc3 Nf6 5. Be2 Be7 6. O-O O-O 7. d3 d6 8. a3 b6
9. Rb1 a5 10. Ne1 Nd4 11. f4 Bb7 12. Nc2 Nb3 13. Be3 d5 14. e5 Ne8 15. cxd5
exd5 16. d4 Nc7 17. Bd3 f5 18. exf6 Bxf6 19. Qh5 g6 20. Bxg6 hxg6 21. Qxg6+ Bg7
22. Qxb6 cxd4 23. Qxb3 dxe3 24. Qxb7 Rb8 25. Qa7 d4 26. Rbd1 d3 27. Qxe3 dxc2
28. Rxd8 Rfxd8 29. Qc1 Bd4+ 30. Kh1 Bxc3 31. Qxc2 Bg7 32. Qxc7 Rdc8 33. Qxa5
Rxb2 34. f5 Rf8 35. g4 Bf6 36. g5 Bd8 37. Qd5+ Kh7 38. Qd7+ Kg8 39. Qe6+ Kh7
40. Qg6+ Kh8 41. f6 1-0

[Event "17. Open de Gros 2007"]
[Site "San Sebastián ESP"]
[Date "2007.09.27"]
[Round "7.8"]
[White "Sanz Perez, Eduardo"]
[Black "Espin Laborde, Jesus M"]
[Result "1-0"]
[WhiteElo "2156"]
[BlackElo "1790"]
[PlyCount "97"]
[EventDate "2007.09.21"]
[EventType "swiss"]
[EventRounds "9"]
[EventCountry "ESP"]
[Source "lmi"]
[SourceDate "2007.09.21"]

1. e4 c5 2. Nc3 d6 3. f4 Nf6 4. Nf3 Nc6 5. d3 a6 6. g3 e6 7. Bg2 Qc7 8. O-O Be7
9. a3 O-O 10. h3 Rb8 11. g4 h6 12. g5 hxg5 13. fxg5 Nh7 14. h4 Qd8 15. Qe1 Nd4
16. Qf2 Nxf3+ 17. Bxf3 f5 18. exf5 Rxf5 19. Qe2 Nxg5 20. hxg5 Bxg5 21. Be4
Rxf1+ 22. Qxf1 Bxc1 23. Qxc1 Qh4 24. Qf1 Bd7 25. Qg2 Rf8 26. Rf1 Rxf1+ 27. Kxf1
Qf4+ 28. Ke2 Be8 29. Qh3 Bf7 30. Kd1 d5 31. Nxd5 Qg5 32. Ne3 Qg1+ 33. Nf1 b5
34. c3 a5 35. Qg2 Qxg2 36. Bxg2 Bh5+ 37. Kd2 Bf7 38. Ng3 g6 39. Ne4 Kg7 40.
Nxc5 g5 41. Ke3 Be8 42. Nb7 a4 43. Kd4 g4 44. Ke5 Bg6 45. d4 Bd3 46. Nc5 Bc4
47. Ne4 Be2 48. Ng3 Bd1 49. Bf1 1-0

[Event "17. Open de Gros 2007"]
[Site "San Sebastián ESP"]
[Date "2007.09.27"]
[Round "7.9"]
[White "Zaballa Zarzosa, Jon"]
[Black "Izagirre Alsua, Aritz"]
[Result "0-1"]
[WhiteElo "1807"]
[BlackElo "1731"]
[PlyCount "118"]
[EventDate "2007.09.21"]
[EventType "swiss"]
[EventRounds "9"]
[EventCountry "ESP"]
[Source "lmi"]
[SourceDate "2007.09.21"]

1. e4 c5 2. Nf3 Nc6 3. d4 cxd4 4. Nxd4 a6 5. Nc3 e6 6. Be3 d6 7. Be2 Nf6 8. f4
Be7 9. O-O O-O 10. Bf3 Qc7 11. Kh1 Bd7 12. g4 Nxd4 13. Bxd4 e5 14. Be3 exf4 15.
Bxf4 h6 16. h4 Bc6 17. Qd2 Qd7 18. Rf2 Nxg4 19. Bxg4 Qxg4 20. Rg1 Qh3+ 21. Rh2
Qf3+ 22. Qg2 Qxg2+ 23. Rhxg2 Bf6 24. Nd5 Bxd5 25. exd5 Kh7 26. c4 Rfd8 27. b3
Rac8 28. a4 g6 29. Rf1 Bg7 30. Be3 Rd7 31. Rgf2 Kg8 32. Rf3 Re8 33. b4 Re4 34.
Bf4 Rxc4 35. Bxd6 Rxd6 36. Rxf7 Rxh4+ 37. Kg2 Rxb4 38. Rc7 g5 39. Rff7 Rg6 40.
d6 Rd4 41. d7 b5 42. axb5 axb5 43. Re7 Kh7 44. Rc8 Rgd6 45. Rc7 Kg6 46. Rxg7+
Kh5 47. Kf3 Rd3+ 48. Ke4 R3d4+ 49. Ke5 R4d5+ 50. Ke4 Kg4 51. Rh7 h5 52. Rc1 Rd1
53. Rxd1 Rxd1 54. Ke5 h4 55. Ke6 Kh3 56. Rh8 g4 57. d8=Q Rxd8 58. Rxd8 g3 59.
Rd3 Kh2 0-1

[Event "17. Open de Gros 2007"]
[Site "San Sebastián ESP"]
[Date "2007.09.27"]
[Round "7.10"]
[White "Juez Villar, Erik"]
[Black "Elduayen Etxabe, Iñaki"]
[Result "1-0"]
[WhiteElo "1806"]
[BlackElo "1274"]
[PlyCount "51"]
[EventDate "2007.09.21"]
[EventType "swiss"]
[EventRounds "9"]
[EventCountry "ESP"]
[Source "lmi"]
[SourceDate "2007.09.21"]

1. d4 g6 2. e4 Bg7 3. Nc3 d6 4. g3 Nc6 5. Nge2 e5 6. d5 Nce7 7. Be3 f5 8. Qd2
Nf6 9. f3 fxe4 10. fxe4 Bg4 11. Bg2 Qd7 12. Ng1 Nh5 13. h3 Nxg3 14. Rh2 O-O 15.
hxg4 Qxg4 16. Nge2 Nxe2 17. Nxe2 b5 18. O-O-O a5 19. Bh3 Qxe4 20. Be6+ Kh8 21.
Ng3 Qf3 22. Rdh1 h5 23. Nxh5 Qf1+ 24. Qd1 Qxd1+ 25. Kxd1 Nf5 26. Ng3+ 1-0

[Event "17. Open de Gros 2007"]
[Site "San Sebastián ESP"]
[Date "2007.09.27"]
[Round "7.12"]
[White "Galarza Cenzano, Inigo"]
[Black "Tholey, Jean-Paul"]
[Result "1-0"]
[WhiteElo "1991"]
[BlackElo "2004"]
[PlyCount "97"]
[EventDate "2007.09.21"]
[EventType "swiss"]
[EventRounds "9"]
[EventCountry "ESP"]
[Source "lmi"]
[SourceDate "2007.09.21"]

1. e4 e6 2. d3 d5 3. Nd2 c5 4. Ngf3 Nc6 5. g3 Nf6 6. Bg2 Bd6 7. O-O O-O 8. Re1
Qc7 9. Qe2 dxe4 10. dxe4 e5 11. c3 Rd8 12. Nc4 Be7 13. Bg5 Be6 14. Bxf6 Bxf6
15. Ne3 Ne7 16. h4 g6 17. Ng5 Bxg5 18. hxg5 Rd6 19. Kh2 Rad8 20. Rh1 Rd2 21.
Qf3 Rxb2 22. Kg1 Rdd2 23. Rf1 Qd6 24. g4 Qd3 25. Qg3 Qxc3 26. Qh2 Kf8 27. Nd5
Nxd5 28. exd5 Bxd5 29. Bxd5 Rxd5 30. Qh6+ Ke7 31. Qg7 Qf3 32. Rxh7 Qxg4+ 33.
Kh1 Qf5 34. Rh8 Rd8 35. Qf6+ Qxf6 36. gxf6+ Kxf6 37. Rxd8 Rxa2 38. Rd6+ Kf5 39.
Rd5 g5 40. Rxc5 b6 41. Rb5 Kf4 42. Kg2 f5 43. Re1 e4 44. Re3 g4 45. Rbb3 Rc2
46. Ra3 a5 47. Reb3 Rc5 48. Rxb6 Ke5 49. Ra6 1-0

[Event "17. Open de Gros 2007"]
[Site "San Sebastián ESP"]
[Date "2007.09.28"]
[Round "8.1"]
[White "Khamrakulov, Dzhurabek"]
[Black "Paunovic, Dragan"]
[Result "1/2-1/2"]
[WhiteElo "2322"]
[BlackElo "2531"]
[PlyCount "33"]
[EventDate "2007.09.21"]
[EventType "swiss"]
[EventRounds "9"]
[EventCountry "ESP"]
[Source "lmi"]
[SourceDate "2007.09.21"]

1. e4 c5 2. Nf3 e6 3. c3 d5 4. exd5 exd5 5. d4 Nf6 6. Bd3 Bd6 7. O-O O-O 8.
dxc5 Bxc5 9. Nbd2 Nc6 10. Nb3 Bb6 11. Re1 Bg4 12. Be3 Re8 13. h3 Bh5 14. Bxb6
Qxb6 15. g4 Bg6 16. Bxg6 hxg6 17. Qc2 1/2-1/2

[Event "17. Open de Gros 2007"]
[Site "San Sebastián ESP"]
[Date "2007.09.28"]
[Round "8.2"]
[White "Andres Gonzalez, Ivan"]
[Black "Kovalyov, Anton"]
[Result "0-1"]
[WhiteElo "2392"]
[BlackElo "2510"]
[PlyCount "110"]
[EventDate "2007.09.21"]
[EventType "swiss"]
[EventRounds "9"]
[EventCountry "ESP"]
[Source "lmi"]
[SourceDate "2007.09.21"]

1. e4 c5 2. Nf3 d6 3. d4 cxd4 4. Nxd4 Nf6 5. Nc3 a6 6. Be2 e5 7. Nb3 Be7 8. Bg5
Be6 9. Bxf6 Bxf6 10. Qd3 Be7 11. Nd5 Nd7 12. Rd1 Rc8 13. c3 Bg5 14. O-O O-O 15.
g3 Nc5 16. Nxc5 Rxc5 17. c4 Bxd5 18. cxd5 Qb6 19. Rb1 Rfc8 20. Bd1 Rc4 21. Bb3
Rb4 22. Qe2 Rc7 23. Kg2 a5 24. Bd1 Rd4 25. Qg4 h6 26. h4 Bc1 27. Bb3 Rd2 28.
Qf3 Bxb2 29. Rfd1 Rxd1 30. Qxd1 Bd4 31. Rc1 Bc3 32. Qd3 Qb4 33. Bd1 Qb2 34. Rc2
Qa1 35. Be2 Rc5 36. Qd1 Qxd1 37. Bxd1 b5 38. Bg4 b4 39. Bd7 Rc4 40. Kf3 Rd4 41.
Ba4 g6 42. Ke3 f5 43. exf5 gxf5 44. f4 Kg7 45. fxe5 dxe5 46. Rf2 Be1 47. Rxf5
Bxg3 48. Bb3 Bf4+ 49. Kf3 Rd2 50. h5 a4 51. Bxa4 Rxa2 52. Be8 Ra8 53. Bg6 Ra7
54. Ke4 Rb7 55. Kd3 b3 0-1

[Event "17. Open de Gros 2007"]
[Site "San Sebastián ESP"]
[Date "2007.09.28"]
[Round "8.3"]
[White "Rodriguez Gonzalez, Javier"]
[Black "Mirzoev, Azer"]
[Result "0-1"]
[WhiteElo "2261"]
[BlackElo "2551"]
[PlyCount "70"]
[EventDate "2007.09.21"]
[EventType "swiss"]
[EventRounds "9"]
[EventCountry "ESP"]
[Source "lmi"]
[SourceDate "2007.09.21"]

1. d4 Nf6 2. Bg5 c5 3. d5 Qb6 4. Nc3 Qxb2 5. Bd2 Qb6 6. e4 d6 7. f4 e5 8. Rb1
Qd8 9. f5 a6 10. a4 Qc7 11. Bc4 Nbd7 12. Nf3 Be7 13. O-O Nb6 14. Qe2 O-O 15.
Rb2 Nxc4 16. Qxc4 Bd7 17. Bg5 Rfb8 18. Bxf6 Bxf6 19. g4 Bd8 20. Kh1 Qc8 21. Ng1
Ba5 22. Nge2 Bb4 23. g5 b5 24. Qd3 bxa4 25. Qf3 Bxc3 26. Rxb8 Rxb8 27. Nxc3 Rb2
28. g6 Qf8 29. gxh7+ Kxh7 30. f6 g6 31. Nd1 Rxc2 32. Nf2 Qh6 33. Qd3 Rc1 34.
Qxa6 Rxf1+ 35. Qxf1 Qf4 0-1

[Event "17. Open de Gros 2007"]
[Site "San Sebastián ESP"]
[Date "2007.09.28"]
[Round "8.4"]
[White "Tung, Kai Ming"]
[Black "Rizouk, Aimen"]
[Result "0-1"]
[WhiteElo "2083"]
[BlackElo "2470"]
[PlyCount "56"]
[EventDate "2007.09.21"]
[EventType "swiss"]
[EventRounds "9"]
[EventCountry "ESP"]
[Source "lmi"]
[SourceDate "2007.09.21"]

1. e4 c5 2. Nf3 d6 3. c3 Nf6 4. Be2 g6 5. O-O Bg7 6. Qc2 Qc7 7. Na3 a6 8. d4
cxd4 9. Nxd4 O-O 10. Be3 b5 11. f3 d5 12. exd5 Nxd5 13. Bf2 Nf4 14. Bxb5 axb5
15. Naxb5 Qb7 16. Qe4 Qxe4 17. fxe4 Nd3 18. Nc7 Ra7 19. Ndb5 Rb7 20. Bd4 Bd7
21. a4 Bxb5 22. Nxb5 Nxb2 23. Rfb1 Nc4 24. Rb4 Na5 25. Bxg7 Kxg7 26. Nd4 Rc7
27. Nb5 Rc5 28. Rd4 Nb3 0-1

[Event "17. Open de Gros 2007"]
[Site "San Sebastián ESP"]
[Date "2007.09.28"]
[Round "8.5"]
[White "Zulaika Centeno, Ander"]
[Black "Argandona Rivero, Inigo"]
[Result "1/2-1/2"]
[WhiteElo "2075"]
[BlackElo "2390"]
[PlyCount "184"]
[EventDate "2007.09.21"]
[EventType "swiss"]
[EventRounds "9"]
[EventCountry "ESP"]
[Source "lmi"]
[SourceDate "2007.09.21"]

1. e4 Nf6 2. e5 Nd5 3. d4 Nb6 4. Nf3 d6 5. Be2 g6 6. O-O Bg7 7. Bf4 Nc6 8. exd6
cxd6 9. Qd2 Bg4 10. c3 Bxf3 11. Bxf3 d5 12. Na3 O-O 13. Rfe1 Qd7 14. Be2 a6 15.
Bd3 Nc8 16. Bh6 Nd6 17. Bxg7 Kxg7 18. Re3 f5 19. f3 Rae8 20. Rae1 e6 21. Nc2
Re7 22. b4 Rfe8 23. a4 Nd8 24. a5 N8f7 25. Na1 Qa4 26. Qc2 Qxc2 27. Bxc2 Nc4
28. R3e2 e5 29. dxe5 Nfxe5 30. Kh1 f4 31. Ba4 Rc8 32. Nb3 Ne3 33. Nc5 Rxc5 34.
bxc5 Nd3 35. Rb1 Nxc5 36. Bc2 g5 37. Kg1 h6 38. Rd2 Kf6 39. Rb6+ Re6 40. Rxe6+
Kxe6 41. g3 Ke5 42. gxf4+ gxf4 43. Bd3 h5 44. Be2 Nb3 45. Rb2 Nxa5 46. Rb6 Nf5
47. Kf2 Nd6 48. Ke1 h4 49. Kd1 Nc6 50. Bxa6 Nd8 51. Bd3 Ne6 52. Ke2 Nc5 53. Rb1
d4 54. cxd4+ Kxd4 55. Rb4+ Kc3 56. Rxf4 Nxd3 57. Rxh4 b5 58. Rh8 Nf4+ 59. Kd1
Nc4 60. Rb8 b4 61. Ke1 b3 62. Rxb3+ Kxb3 63. Kf2 Nh5 64. Kg2 Nd6 65. Kh3 Ne8
66. Kg4 Nef6+ 67. Kg5 Kc4 68. Kf5 Kd5 69. h4 Kd6 70. f4 Kd5 71. Kg6 Ke6 72. f5+
Ke7 73. Kg5 Kf7 74. Kh6 Nf4 75. Kg5 Nh3+ 76. Kh6 Ng4+ 77. Kh5 Ne3 78. Kh6 Nxf5+
79. Kh5 Ne3 80. Kh6 Kf6 81. Kh7 Nf5 82. Kg8 Ke7 83. h5 Nf4 84. h6 Nh5 85. h7
Nh6+ 86. Kh8 Nf7+ 87. Kg8 Nf6+ 88. Kg7 Ne8+ 89. Kg6 Nh8+ 90. Kf5 Kf7 91. Ke4
Kg7 92. Kd4 Kxh7 1/2-1/2

[Event "17. Open de Gros 2007"]
[Site "San Sebastián ESP"]
[Date "2007.09.28"]
[Round "8.6"]
[White "Juez Villar, Erik"]
[Black "Andres Gonzalez, Alberto"]
[Result "0-1"]
[WhiteElo "1806"]
[BlackElo "2435"]
[PlyCount "58"]
[EventDate "2007.09.21"]
[EventType "swiss"]
[EventRounds "9"]
[EventCountry "ESP"]
[Source "lmi"]
[SourceDate "2007.09.21"]

1. d4 Nf6 2. c4 e6 3. Nc3 Bb4 4. e3 c5 5. Bd3 O-O 6. Nf3 b6 7. O-O Bb7 8. Qe2
h6 9. a3 Bxc3 10. bxc3 Ne4 11. Qc2 f5 12. Ne1 Nf6 13. f3 Nc6 14. e4 fxe4 15.
fxe4 cxd4 16. Nf3 dxc3 17. Qxc3 Qe7 18. Bb2 Rae8 19. e5 Ng4 20. Rae1 Qc5+ 21.
Kh1 Nf2+ 22. Rxf2 Qxf2 23. Rf1 Qc5 24. Bb1 Ne7 25. Qd3 Nf5 26. Bd4 Qc6 27. Kg1
Rf7 28. Bb2 Rc8 29. Nh4 Nxh4 0-1

[Event "17. Open de Gros 2007"]
[Site "San Sebastián ESP"]
[Date "2007.09.28"]
[Round "8.7"]
[White "Izagirre Alsua, Aritz"]
[Black "Sanz Perez, Eduardo"]
[Result "0-1"]
[WhiteElo "1731"]
[BlackElo "2156"]
[PlyCount "74"]
[EventDate "2007.09.21"]
[EventType "swiss"]
[EventRounds "9"]
[EventCountry "ESP"]
[Source "lmi"]
[SourceDate "2007.09.21"]

1. Nf3 f5 2. e3 Nf6 3. d4 e6 4. Be2 b6 5. Ne5 Bb7 6. Bf3 Bxf3 7. Nxf3 Be7 8. b3
O-O 9. O-O Qe8 10. Bb2 Qh5 11. Nc3 g5 12. Ne2 d6 13. Nd2 Ng4 14. Nf3 Nd7 15.
Ng3 Qg6 16. h3 Ngf6 17. Nh2 h5 18. f3 Rf7 19. Nh1 g4 20. fxg4 hxg4 21. hxg4 Rh7
22. Qf3 Kf7 23. gxf5 exf5 24. g3 Rah8 25. Rf2 Ke8 26. Re1 Ng4 27. Ree2 Nxf2 28.
Rxf2 Rh3 29. Rg2 Qh6 30. Qe2 Bg5 31. Bc1 Kd8 32. Bd2 Nf6 33. e4 Ng4 34. Bxg5+
Qxg5 35. Nf2 Rxh2 36. Nxg4 Rxg2+ 37. Kxg2 Qxg4 0-1

[Event "17. Open de Gros 2007"]
[Site "San Sebastián ESP"]
[Date "2007.09.28"]
[Round "8.9"]
[White "Olmo Vega, Diego"]
[Black "Lakunza, Juan Carlos"]
[Result "1/2-1/2"]
[WhiteElo "1891"]
[BlackElo "2128"]
[PlyCount "164"]
[EventDate "2007.09.21"]
[EventType "swiss"]
[EventRounds "9"]
[EventCountry "ESP"]
[Source "lmi"]
[SourceDate "2007.09.21"]

1. e4 e5 2. Nf3 Nc6 3. Bb5 a6 4. Ba4 Nf6 5. O-O Be7 6. Re1 b5 7. Bb3 d6 8. c3
O-O 9. h3 Nb8 10. d4 Nbd7 11. Nbd2 Bb7 12. Bc2 Re8 13. Nf1 Bf8 14. Ng3 c5 15.
b3 Qc7 16. Bb2 g6 17. a4 Bg7 18. axb5 axb5 19. Rxa8 Rxa8 20. d5 Nb6 21. Nd2 c4
22. bxc4 Nxc4 23. Nxc4 Qxc4 24. Bd3 Qc5 25. Qb3 Ra5 26. Ra1 Rxa1+ 27. Bxa1 Ba6
28. Bb2 Nd7 29. Qa2 Qb6 30. Bc1 h5 31. Be3 Nc5 32. Be2 h4 33. Nf1 Bf6 34. Nd2
Qb7 35. Qa5 Kf8 36. f3 Ke8 37. Nb1 Bd8 38. Qb4 f6 39. Na3 Bb6 40. Bxb5+ Ke7 41.
Nc4 Ba7 42. Bxa6 Qxa6 43. Qa5 Qb7 44. Kh2 Kd7 45. Qb4 Qa6 46. Na5 Bb6 47. Bxc5
Bxc5 48. Qa4+ Kc7 49. Qc6+ Qxc6 50. Nxc6 Bf2 51. c4 Kd7 52. Nb4 f5 53. Nd3 Be3
54. g3 Kc7 55. gxh4 Kb6 56. Kg3 Ka5 57. h5 fxe4 58. fxe4 gxh5 59. Kh4 Ka4 60.
c5 dxc5 61. Nxe5 Kb5 62. Kxh5 c4 63. Nxc4 Kxc4 64. Kg4 Kc5 65. Kf5 Kd6 66. h4
Bd2 67. h5 Be3 68. Kg6 Ke7 69. h6 Bd4 70. Kf5 Kd6 71. Kg6 Ke7 72. Kf5 Kd6 73.
Kf4 Bb2 74. Ke3 Be5 75. Kd3 Kc5 76. Ke3 Kd6 77. Kf3 Bc3 78. Kf4 Bb2 79. Kf5 Bc3
80. Kg5 Bd4 81. Kg6 Ke7 82. d6+ Kxd6 1/2-1/2

[Event "17. Open de Gros 2007"]
[Site "San Sebastián ESP"]
[Date "2007.09.28"]
[Round "8.10"]
[White "Diez Viera, Oscar"]
[Black "Salcedo, Marc"]
[Result "0-1"]
[WhiteElo "1799"]
[BlackElo "2008"]
[PlyCount "84"]
[EventDate "2007.09.21"]
[EventType "swiss"]
[EventRounds "9"]
[EventCountry "ESP"]
[Source "lmi"]
[SourceDate "2007.09.21"]

1. e4 d5 2. exd5 Nf6 3. Nf3 Qxd5 4. Nc3 Qh5 5. Be2 Bg4 6. d3 Nc6 7. Bf4 O-O-O
8. Qd2 e5 9. Bg5 Bb4 10. Bxf6 gxf6 11. Qe3 Nd4 12. O-O-O Bxc3 13. bxc3 Nxe2+
14. Qxe2 Rd6 15. h3 Be6 16. Qe3 Ra6 17. Kd2 Rd8 18. Rb1 Qg6 19. Nh4 Qg5 20. Rb4
Qxe3+ 21. fxe3 Rxa2 22. Rf1 a5 23. Rbb1 Ra4 24. d4 exd4 25. cxd4 c5 26. c3 cxd4
27. exd4 Ra2+ 28. Kd3 a4 29. Rxf6 Bb3 30. Re1 Rb2 31. Ra1 Re8 32. Rh6 b5 33. d5
Bxd5 34. Kd4 Bc4 35. Rxh7 Ree2 36. g4 Ra2 37. Rb1 a3 38. Nf5 Kd7 39. Nh6 Kc6
40. Rd1 Rad2+ 41. Rxd2 Rxd2+ 42. Ke3 Rd3+ 0-1

[Event "17. Open de Gros 2007"]
[Site "San Sebastián ESP"]
[Date "2007.09.28"]
[Round "8.11"]
[White "Darrigues, Alain"]
[Black "Olabe Odriozola, Eduardo"]
[Result "1-0"]
[WhiteElo "1991"]
[BlackElo "1718"]
[PlyCount "69"]
[EventDate "2007.09.21"]
[EventType "swiss"]
[EventRounds "9"]
[EventCountry "ESP"]
[Source "lmi"]
[SourceDate "2007.09.21"]

1. d4 Nf6 2. c4 g6 3. Nc3 Bg7 4. e4 d6 5. Be2 O-O 6. Nf3 c5 7. O-O cxd4 8. Nxd4
Nc6 9. Be3 a5 10. Qd2 Nxd4 11. Bxd4 Be6 12. Rac1 Qd7 13. Rfd1 Rfc8 14. b3 Qc6
15. f3 Nd7 16. Na4 Bxd4+ 17. Qxd4 Nc5 18. Nc3 b6 19. f4 Re8 20. Bf3 Qc8 21. h3
f5 22. exf5 Bxf5 23. Bxa8 Qxa8 24. Qd5+ Qxd5 25. Nxd5 a4 26. Rc3 axb3 27. axb3
Nd7 28. Re1 e5 29. Rce3 Kg7 30. Ra1 Rb8 31. Ra7 Kf8 32. g4 Be6 33. Nc7 Ke7 34.
fxe5 dxe5 35. Na6 1-0

[Event "17. Open de Gros 2007"]
[Site "San Sebastián ESP"]
[Date "2007.09.28"]
[Round "8.12"]
[White "Espin Laborde, Jesus M"]
[Black "Galarza Cenzano, Inigo"]
[Result "1/2-1/2"]
[WhiteElo "1790"]
[BlackElo "1991"]
[PlyCount "88"]
[EventDate "2007.09.21"]
[EventType "swiss"]
[EventRounds "9"]
[EventCountry "ESP"]
[Source "lmi"]
[SourceDate "2007.09.21"]

1. e4 e5 2. Nf3 Nc6 3. d4 exd4 4. Nxd4 Nf6 5. Nxc6 bxc6 6. Bd3 d5 7. exd5 cxd5
8. Bb5+ Bd7 9. Qe2+ Be7 10. Bxd7+ Qxd7 11. O-O O-O 12. c4 d4 13. Qd3 a5 14. Bg5
Rfd8 15. Nd2 c5 16. Rfe1 h6 17. Bh4 Nd5 18. Bxe7 Nxe7 19. Ne4 Rac8 20. Qa3 Qc7
21. Rad1 Nf5 22. Qd3 Nd6 23. Ng3 Re8 24. b3 Qc6 25. Kf1 a4 26. f3 axb3 27. axb3
Rb8 28. Rxe8+ Rxe8 29. Re1 Rxe1+ 30. Kxe1 Qb6 31. Nf5 Qa5+ 32. Kf2 Nxf5 33.
Qxf5 Qd2+ 34. Kg3 Qe1+ 35. Kh3 g5 36. g4 Qf1+ 37. Kg3 d3 38. Qc8+ Kg7 39. Qxc5
Qe1+ 40. Kh3 Qe2 41. Qd4+ Kh7 42. Qd5 Qf1+ 43. Kg3 Qe1+ 44. Kh3 Qf1+ 1/2-1/2

[Event "17. Open de Gros 2007"]
[Site "San Sebastián ESP"]
[Date "2007.09.29"]
[Round "9.1"]
[White "Paunovic, Dragan"]
[Black "Rizouk, Aimen"]
[Result "1/2-1/2"]
[WhiteElo "2531"]
[BlackElo "2470"]
[PlyCount "21"]
[EventDate "2007.09.21"]
[EventType "swiss"]
[EventRounds "9"]
[EventCountry "ESP"]
[Source "lmi"]
[SourceDate "2007.09.21"]

1. Nf3 Nf6 2. c4 g6 3. g3 Bg7 4. Bg2 O-O 5. d4 d6 6. O-O Nc6 7. Nc3 a6 8. h3 e5
9. dxe5 Nxe5 10. Nxe5 dxe5 11. Qxd8 1/2-1/2